| 000 | 00347nam a22001457a 4500 | ||
|---|---|---|---|
| 008 | 211013b ||||| |||| 00| 0 eng d | ||
| 020 | _a9780070055902 | ||
| 041 | _aeng | ||
| 080 |
_22nd _a070 |
||
| 082 | _a070 | ||
| 100 | _a40 | ||
| 101 | _aMK | ||
| 245 |
_aFrame Relay Networks Specifications and Implementations _cBlack,U |
||
| 942 |
_2udc _cBK |
||
| 999 |
_c58218 _d58218 |
||